[Event "2. Online Aktivschach WM"]
[Site "Gruppe B / Chessgate"]
[Date "2006.01.05"]
[Round "1.2"]
[White "GK 2100, Kasparov"]
[Black "Elite V11, Fidelity"]
[Result "1-0"]
[WhiteElo "1997"]
[BlackElo "2296"]
[Annotator "Völschow,Michael"]
[PlyCount "155"]
[EventDate "2006.??.??"]

1. d4 Nf6 2. g3 d5 3. Nf3 e6 4. Bg2 Bd6 5. O-O Nbd7 6. Nbd2 c5 7. b3 cxd4 8.
Nxd4 O-O 9. c4 Bb4 10. Bb2 Nc5 11. cxd5 Nxd5 12. Rc1 Na6 13. Nc4 Bc5 14. e4
Ndc7 15. e5 Nd5 16. a3 Qg5 17. f4 Qd8 18. b4 Be7 19. Qh5 h6 20. Rfd1 Bd7 21.
Nf5 Nac7 22. Nxe7+ (22. Nxg7 Kxg7 23. f5 Bc5+ 24. bxc5 Qg5 25. f6+ Kh7 26. Qxg5
hxg5 27. Nd6 $18 Bc6 28. Re1 Ne8 29. Rc4 Nxd6 30. cxd6 Nb6 31. Rg4 Bxg2 32.
Kxg2 Rg8 33. Bc1) 22... Qxe7 23. Rd2 Rad8 24. Nd6 Bc6 25. Bd4 Nb5 26. Nxb5 Bxb5
27. Bc5 Qc7 28. Qd1 Rc8 29. a4 Bd7 30. Bxd5 exd5 31. Rxd5 Be6 32. Rd6 b6 33.
Be3 Qe7 34. Qd3 Qb7 35. Rxc8 Rxc8 36. f5 Bc4 37. Qd4 Qf3 38. Qf4 Qe2 39. Qf2
Qxf2+ 40. Kxf2 Re8 41. Bd4 Re7 42. Ke3 Rc7 43. h3 Bf1 44. h4 Bh3 45. Ke4 Bg2+
46. Kf4 Rc4 47. e6 fxe6 48. fxe6 Rxb4 49. Rd8+ Kh7 50. e7 Bc6 51. Ke5 Bxa4 52.
e8=Q Bxe8 53. Rxe8 a5 54. Re7 b5 55. Kd5 h5 56. Rxg7+ Kh6 57. Rg5 Rb3 58. Ke6
Rf3 59. Rxb5 a4 60. Be5 Kg6 61. Bf4 Rb3 62. Rg5+ Kh7 63. Rxh5+ Kg6 64. Ra5 Rb6+
65. Bd6 a3 66. g4 Rc6 67. h5+ Kh6 68. Kd5 Rc3 69. Ke4 Rb3 70. Bf8+ Kh7 71. g5
a2 72. g6+ Kg8 73. h6 Rg3 74. h7+ Kh8 75. Bg7+ Kxg7 76. Ra7+ Kxg6 77. h8=Q Rg4+
78. Kf3 1-0

[Event "2. Online Aktivschach WM"]
[Site "Gruppe B / Chessgate"]
[Date "2006.01.08"]
[Round "1.3"]
[White "Atlanta, Mephisto"]
[Black "London 68030, Mephisto"]
[Result "1-0"]
[WhiteElo "2232"]
[BlackElo "2355"]
[PlyCount "79"]
[EventDate "2006.??.??"]

1. d4 d5 2. e4 c6 3. exd5 cxd5 4. Bd3 Nc6 5. c3 Nf6 6. Bf4 Bg4 7. Qb3 Qd7 8. h3
Bh5 9. Nd2 Bg6 10. Bb5 a6 11. Bxc6 Qxc6 12. Ngf3 Nd7 13. O-O e6 14. Rfc1 Rc8
15. c4 Be4 16. Ng5 Nf6 17. Ndxe4 dxe4 18. d5 Qd7 19. Re1 Bc5 20. Rad1 exd5 21.
Nxe4 Nxe4 22. Rxe4+ Kf8 23. cxd5 b5 24. d6 Bb6 25. Qd5 Rc5 26. Qa8+ Rc8 27.
Qxc8+ Qxc8 28. d7 Qxd7 29. Rxd7 g5 30. Bd6+ Kg7 31. Be5+ Kg6 32. Rd6+ Kf5 33.
Re2 g4 34. Bxh8 gxh3 35. Rf6+ Kg4 36. gxh3+ Kxh3 37. Re4 Bxf2+ 38. Rxf2 Kg3 39.
Be5+ Kh3 40. Rh2# 1-0

[Event "2. Online Aktivschach WM"]
[Site "Gruppe B / Chessgate"]
[Date "2006.01.10"]
[Round "1.4"]
[White "Star Sapphire, Novag"]
[Black "Turboking II, Saitek"]
[Result "1-0"]
[WhiteElo "2154"]
[BlackElo "1900"]
[PlyCount "135"]

1. c4 e6 2. d4 Nf6 3. Nf3 b6 4. a3 Ba6 5. Qc2 d5 6. cxd5 exd5 7. Nc3 Bd6 8. g3
O-O 9. Bg2 c6 10. O-O Re8 11. Nh4 Nbd7 12. Nf5 Bc7 13. Bg5 h6 14. Bh4 Rc8 15.
Bh3 Re6 16. Ne3 Rxe3 17. fxe3 g5 18. Qa4 Bb5 19. Nxb5 cxb5 20. Qxa7 gxh4 21.
Rxf6 Nxf6 22. Bxc8 Qxc8 23. Rc1 Ne8 24. Kg2 hxg3 25. hxg3 Qd7 26. Qa8 Kg7 27.
Qc6 Qe7 28. Kf2 Bxg3+ 29. Kxg3 Qxe3+ 30. Kh2 Qxe2+ 31. Kh3 Qf3+ 32. Kh4 Qf2+
33. Kh3 Qe3+ 34. Kh2 Qf4+ 35. Kh3 Qf3+ 36. Kh4 Qe4+ 37. Kg3 Qd3+ 38. Kh2 Qd2+
39. Kh1 Kf8 40. Qc3 Qf4 41. Qb4+ Nd6 42. Re1 Qf3+ 43. Kh2 Qh5+ 44. Kg3 Qg5+ 45.
Kf3 Qg6 46. Re5 Kg8 47. Qb3 Nc4 48. Re8+ Kh7 49. Qc3 Qb1 50. Rf8 Qf1+ 51. Kg3
Nd6 52. Qf3 Nf5+ 53. Kf4 Qxf3+ 54. Kxf3 Nxd4+ 55. Kf2 Kg7 56. Rd8 Nb3 57. Rxd5
Nc5 58. b4 Ne4+ 59. Ke3 Nc3 60. Rd7 Nb1 61. Rd3 Kg6 62. Rb3 Nxa3 63. Rxa3 Kf5
64. Ra6 h5 65. Rxb6 Kg4 66. Rxb5 f5 67. Rb8 Kg5 68. Rg8+ 1-0

[Event "2. Online Aktivschach WM"]
[Site "Gruppe B / Chessgate"]
[Date "2006.01.13"]
[Round "2.1"]
[White "Mach III 18 Mhz, Fidelity"]
[Black "Atlanta, Mephisto"]
[Result "0-1"]
[WhiteElo "2021"]
[BlackElo "2232"]
[PlyCount "176"]
[EventDate "2006.??.??"]

1. d4 c5 2. d5 e5 3. c4 d6 4. e4 Nf6 5. Nc3 g6 6. Nf3 Qa5 7. Bd2 Bg7 8. Bd3 O-O
9. Qb3 Qd8 10. O-O Qe7 11. Bg5 b6 12. Qa4 h6 13. Bh4 g5 14. Bg3 Nh5 15. Rae1
Nxg3 16. fxg3 Bd7 17. Qa3 Bg4 18. Nb5 a6 19. Rf2 Nc6 20. dxc6 axb5 21. Qb3 b4
22. a3 bxa3 23. bxa3 Qc7 24. Rb1 Ra6 25. Qb5 Rxa3 26. Bc2 Rb8 27. Ba4 Ra8 28.
Bc2 R8a6 29. Rd2 R3a5 30. Qb3 Qxc6 31. Qd3 Ra2 32. Bb3 R2a3 33. Kh1 Ra8 34. Qc2
Bh5 35. Rf2 Bg6 36. Nd2 R8a7 37. Rbf1 b5 38. cxb5 Qxb5 39. Bc4 Qa4 40. Qb1 Qb4
41. Qxb4 cxb4 42. Bd5 Rc7 43. Nc4 Ra6 44. Nd2 Bh8 45. Kg1 Kf8 46. Rb1 Rb6 47.
Ra1 Rb8 48. Nb3 Ke7 49. g4 Rc3 50. Ra7+ Kf8 51. Bxf7 Bxf7 52. Raxf7+ Kg8 53.
R7f3 Rc4 54. Rd2 Rb6 55. Re2 Kg7 56. h3 Rb8 57. Rd2 Rxe4 58. Rxd6 Rc8 59. Rff6
Re3 60. Nd2 Re2 61. Rg6+ Kf8 62. Kf1 Re3 63. Rxh6 Bg7 64. Rhg6 Rc1+ 65. Kf2
Rce1 66. Nf1 R3e2+ 67. Kg1 b3 68. Rd8+ Kf7 69. Rb6 b2 70. Rd7+ Kg8 71. Rdb7 Bf8
72. Rb8 Kf7 73. R8b7+ Be7 74. g3 Rb1 75. Rh6 Ree1 76. Kg2 Rxf1 77. Rxb2 Rg1+
78. Kh2 Rh1+ 79. Kg2 Rxb2+ 80. Kxh1 e4 81. h4 e3 82. Rh7+ Ke6 83. Rh6+ Kd7 84.
Ra6 Rb1+ 85. Kh2 e2 86. Ra7+ Ke8 87. Ra8+ Bd8 88. Ra2 e1=Q 0-1

[Event "2. Online Aktivschach WM"]
[Site "Gruppe B / Chessgate"]
[Date "2006.01.14"]
[Round "2.2"]
[White "London 68030, Mephisto"]
[Black "GK 2100, Kasparov"]
[Result "1-0"]
[WhiteElo "2355"]
[BlackElo "1997"]
[PlyCount "80"]
[EventDate "2006.??.??"]

1. e4 e6 2. d4 d5 3. Nd2 c5 4. exd5 exd5 5. Bb5+ Nc6 6. Ngf3 Bd6 7. O-O Nge7 8.
dxc5 Bxc5 9. Nb3 Bd6 10. Nbd4 O-O 11. c3 Qc7 12. Be2 Nxd4 13. Qxd4 Bf5 14. Bd3
Bc5 15. Qe5 Bd6 16. Qe2 Rae8 17. Bxf5 Nxf5 18. Qd3 Ne7 19. Be3 Bf4 20. Rfe1 b6
21. Bxf4 Qxf4 22. Rad1 a5 23. Re5 f6 24. Re6 Qa4 25. Rde1 Rf7 26. Nd4 Qd7 27.
Nf5 b5 28. Nd6 Rff8 29. Nxe8 Rxe8 30. Rb6 b4 31. cxb4 axb4 32. Rxb4 f5 33. Rb6
g6 34. Rbe6 Qc7 35. Qe3 f4 36. Rxe7 fxe3 37. Rxc7 d4 38. Rd7 Re4 39. fxe3 dxe3
40. Rd3 Ra4 1-0

[Event "2. Online Aktivschach WM"]
[Site "Gruppe B / Chessgate"]
[Date "2006.01.17"]
[Round "2.4"]
[White "Elite V11, Fidelity"]
[Black "Star Sapphire, Novag"]
[Result "1-0"]
[WhiteElo "2296"]
[BlackElo "2154"]
[Annotator "Völschow,Michael"]
[PlyCount "51"]

1. e4 e5 2. Nf3 Nc6 3. Bb5 a6 4. Ba4 Nf6 5. O-O Nxe4 6. d4 b5 7. Bb3 d5 8. dxe5
Be6 9. c3 Bc5 10. Qe2 O-O 11. Bf4 Qd7 12. Nbd2 Nxd2 13. Qxd2 Na5 14. Bc2 Nc4
15. Qd3 g6 16. b4 Ba7 17. Nd4 a5 18. bxa5 Bxd4 19. cxd4 Rxa5 20. Bb3 Rfa8 21.
Qg3 Bf5 22. Qh4 Ra3 23. Rac1 Na5 24. Bh6 Ra6 25. Bxd5 Qxd5 26. Rc6 $1 1-0

[Event "2. Online Aktivschach WM"]
[Site "Gruppe B / Chessgate"]
[Date "2006.01.21"]
[Round "3.1"]
[White "GK 2100, Kasparov"]
[Black "Mach III 18 Mhz, Fidelity"]
[Result "1-0"]
[WhiteElo "1997"]
[BlackElo "2021"]
[PlyCount "85"]
[EventDate "2006.??.??"]

1. e4 e5 2. Nf3 Nc6 3. Bc4 Nf6 4. Ng5 d5 5. exd5 Na5 6. Bb5+ c6 7. dxc6 bxc6 8.
Be2 h6 9. Nf3 e4 10. Ne5 Bd6 11. f4 exf3 12. Nxf3 O-O 13. O-O Re8 14. d4 Rb8
15. c4 Bf5 16. Nc3 Qc7 17. c5 Bf4 18. Bxf4 Qxf4 19. Qa4 Ne4 20. Nxe4 Qxe4 21.
Ba6 Qg4 22. Qxa5 Rxb2 23. g3 Re3 24. Qd8+ Kh7 25. Bc4 Rxf3 26. Qh4 f6 27. Qxg4
Bxg4 28. d5 Rc3 29. Rfc1 Rxc1+ 30. Rxc1 Bf3 31. d6 Rg2+ 32. Kf1 Rd2 33. Ke1 Rd4
34. Kf2 Bd5 35. Ke3 Re4+ 36. Kd3 Re8 37. Bxd5 Rc8 38. Bxc6 Kg6 39. d7 Rd8 40.
Ba4 Rb8 41. c6 Rb4 42. Bc2 f5 43. d8=Q 1-0

[Event "2. Online Aktivschach WM"]
[Site "Gruppe B / Chessgate"]
[Date "2006.01.22"]
[Round "3.3"]
[White "Turboking II, Saitek"]
[Black "Elite V11, Fidelity"]
[Result "0-1"]
[WhiteElo "1900"]
[BlackElo "2296"]
[PlyCount "72"]
[EventDate "2006.??.??"]

1. e4 c5 2. Nf3 e6 3. d4 cxd4 4. Nxd4 Nf6 5. Nc3 d6 6. g3 Be7 7. Bg2 O-O 8. Be3
e5 9. Nb3 Ng4 10. Bd2 Nc6 11. O-O f5 12. Bh3 g6 13. Nd5 Nf6 14. Bh6 Rf7 15.
exf5 Bxf5 16. Bxf5 gxf5 17. Nxe7+ Nxe7 18. Re1 Rc8 19. Qd2 Qb6 20. a4 Ne4 21.
Qe2 d5 22. Bc1 f4 23. gxf4 exf4 24. a5 Rg7+ 25. Kf1 Qg6 26. Qd3 f3 27. Bg5 Qxg5
28. Qxf3 Rxc2 29. Qg3 Nxg3+ 30. hxg3 Qh6 31. Kg2 Rxf2+ 32. Kxf2 Qh2+ 33. Ke3
Rxg3+ 34. Kd4 Qf2+ 35. Ke5 Rg6 36. Nd4 Qf6# 0-1

[Event "2. Online Aktivschach WM"]
[Site "Gruppe B / Chessgate"]
[Date "2006.01.24"]
[Round "3.4"]
[White "Star Sapphire, Novag"]
[Black "London 68030, Mephisto"]
[Result "1/2-1/2"]
[WhiteElo "2154"]
[BlackElo "2355"]
[PlyCount "184"]
[EventDate "2006.??.??"]

1. e4 Nf6 2. e5 Nd5 3. d4 d6 4. Nf3 Bg4 5. Be2 c6 6. c4 Nb6 7. exd6 Bxf3 8.
Bxf3 Nxc4 9. dxe7 Bxe7 10. O-O O-O 11. Nc3 Qd6 12. Qe2 Nb6 13. Bf4 Qxf4 14.
Qxe7 N8d7 15. Rfe1 Rad8 16. d5 c5 17. Re4 Qf5 18. Bg4 Qg6 19. Bxd7 Rxd7 20.
Qxc5 Nxd5 21. Rae1 Nf6 22. Re7 b6 23. Qb5 Rxe7 24. Rxe7 Qh6 25. g3 Ng4 26. h4
Qd2 27. Qe2 Qxe2 28. Nxe2 Ra8 29. Nc3 f5 30. Rb7 Rd8 31. f3 Nf6 32. Rxa7 Rd2
33. b4 Rd3 34. Nb5 Rxf3 35. Ra8+ Kf7 36. Nd6+ Ke6 37. Kg2 Rc3 38. Nb5 Rd3 39.
Nc7+ Kf7 40. Ra7 Rd2+ 41. Kf3 Ng4 42. Nd5+ Ke6 43. Nf4+ Kf6 44. Nh5+ Kg6 45.
Nf4+ Kh6 46. Ne2 Ne5+ 47. Ke3 Nc4+ 48. Kf3 Rb2 49. Nd4 Kg6 50. b5 Kf6 51. Ra8
Rd2 52. Nc6 g6 53. a4 Ra2 54. Nb4 Ra3+ 55. Kf4 Ne3 56. Rf8+ Kg7 57. Rb8 Ng2+
58. Ke5 Rxg3 59. Nd5 Ra3 60. Nxb6 Nxh4 61. Rb7+ Kh6 62. Ra7 Nf3+ 63. Kd5 Nd2
64. Rf7 Ne4 65. Ke5 Nc3 66. Kd4 Nxa4 67. Nxa4 Rxa4+ 68. Kc5 Ra5 69. Kc6 Ra2 70.
b6 Rc2+ 71. Kd6 Rb2 72. b7 g5 73. Kc7 Rxb7+ 74. Kxb7 Kg6 75. Rf8 g4 76. Kc6 Kg5
77. Kd5 f4 78. Ke4 f3 79. Rg8+ Kh4 80. Ke3 Kg3 81. Rg5 h6 82. Rd5 Kg2 83. Rd2+
Kg3 84. Rd4 h5 85. Rd1 f2 86. Rf1 h4 87. Rxf2 h3 88. Rf5 h2 89. Rh5 Kg2 90. Kf4
g3 91. Kg4 h1=Q 92. Rxh1 Kxh1 1/2-1/2

[Event "2. Online Aktivschach WM"]
[Site "Gruppe B / Chessgate"]
[Date "2006.01.28"]
[Round "4.1"]
[White "Atlanta, Mephisto"]
[Black "GK 2100, Kasparov"]
[Result "1-0"]
[WhiteElo "2232"]
[BlackElo "1997"]
[PlyCount "55"]
[EventDate "2006.??.??"]

1. Nf3 d5 2. d4 c5 3. c4 e6 4. cxd5 exd5 5. Nc3 Nc6 6. g3 Nf6 7. Bg2 Be7 8. O-O
O-O 9. dxc5 Bxc5 10. Bg5 Be6 11. Rc1 Be7 12. Qa4 Rc8 13. Rfe1 Qb6 14. b3 h6 15.
Bh4 g5 16. Bxg5 hxg5 17. Nxg5 Bd7 18. Qh4 Nd4 19. Nxd5 Nxe2+ 20. Kf1 Nxg3+ 21.
Qxg3 Qb5+ 22. Kg1 Kh8 23. Nxf6 Bc5 24. Qh4+ Kg7 25. Qh7+ Kxf6 26. Qh6+ Kf5 27.
Bh3+ Kf4 28. Re4# 1-0

[Event "2. Online Aktivschach WM"]
[Site "Gruppe B / Chessgate"]
[Date "2006.01.31"]
[Round "4.3"]
[White "London 68030, Mephisto"]
[Black "Turboking II, Saitek"]
[Result "1-0"]
[WhiteElo "2355"]
[BlackElo "1900"]
[PlyCount "89"]
[EventDate "2006.??.??"]

1. e4 c6 2. Nc3 d5 3. d4 dxe4 4. Nxe4 Bf5 5. Ng3 Bg6 6. h4 h6 7. Nf3 Nd7 8. h5
Bh7 9. Bd3 Bxd3 10. Qxd3 Qc7 11. Bd2 e6 12. Qe2 Ngf6 13. O-O-O c5 14. c4 O-O-O
15. Ne5 Nb6 16. Bf4 Rxd4 17. Rxd4 cxd4 18. Ng6 e5 19. Bxe5 Qxc4+ 20. Qxc4+ Nxc4
21. Nxh8 Nxe5 22. Rd1 Bc5 23. f4 Nc4 24. Nxf7 Ne3 25. Rd2 Kd7 26. b4 Bb6 27.
Ne5+ Kd6 28. a4 a6 29. a5 Ba7 30. Rb2 Nfd5 31. Ne4+ Ke6 32. g3 Nf6 33. Nxf6
gxf6 34. Nd3 Kf5 35. b5 Nc4 36. b6 Bb8 37. Rc2 Nxa5 38. Rc5+ Ke4 39. Rxa5 Kxd3
40. Rd5 Ke2 41. Rxd4 Kf3 42. Rd8 Bxf4+ 43. gxf4 Kxf4 44. Rd7 Kg5 45. Rxb7 1-0

[Event "2. Online Aktivschach WM"]
[Site "Gruppe B / Chessgate"]
[Date "2006.02.03"]
[Round "4.4"]
[White "Mach III 18 Mhz, Fidelity"]
[Black "Star Sapphire, Novag"]
[Result "0-1"]
[WhiteElo "2021"]
[BlackElo "2154"]
[PlyCount "128"]
[EventDate "2006.??.??"]

1. d4 d5 2. c4 dxc4 3. Nf3 Nf6 4. e3 Bg4 5. Bxc4 e6 6. h3 Bh5 7. Nc3 Nbd7 8.
O-O Bd6 9. e4 e5 10. dxe5 Nxe5 11. Be2 O-O 12. Nd4 Bxe2 13. Qxe2 Bc5 14. Nb3
Bb4 15. Rd1 Qe7 16. Be3 Rad8 17. f4 Ng6 18. f5 Nh8 19. Bxa7 b6 20. Rxd8 Rxd8
21. e5 Bxc3 22. bxc3 Ne8 23. Qe4 Nf6 24. Qe1 Ne8 25. Qe4 Nf6 26. Qf4 Ne8 27. f6
gxf6 28. exf6 Nxf6 29. Qf3 Ng6 30. Rf1 Nd5 31. c4 Qe3+ 32. Qf2 Qxf2+ 33. Rxf2
Nde7 34. c5 b5 35. Re2 Nc6 36. Bb6 cxb6 37. cxb6 Rb8 38. Nc5 Rxb6 39. Nd7 Ra6
40. Nf6+ Kg7 41. Ne8+ Kf8 42. Nc7 Ra5 43. Rb2 b4 44. Rc2 Nd4 45. Rf2 Nf4 46.
Kh2 Nfe2 47. Ne6+ Ke7 48. Nxd4 Nxd4 49. Rd2 Rd5 50. Rb2 Nc6 51. g4 f5 52. gxf5
Rxf5 53. Kg1 Kd6 54. Re2 Rd5 55. Kf1 Rd1+ 56. Kg2 Nd4 57. Rb2 Kc5 58. Kh2 Re1
59. Rf2 Kd5 60. Kg2 Ke4 61. Rf1 Re2+ 62. Rf2 Rxf2+ 63. Kxf2 h5 64. Ke1 Kd3 0-1

[Event "2. Online Aktivschach WM"]
[Site "Gruppe B / Chessgate"]
[Date "2006.02.07"]
[Round "5.2"]
[White "Elite V11, Fidelity"]
[Black "London 68030, Mephisto"]
[Result "0-1"]
[WhiteElo "2296"]
[BlackElo "2355"]
[PlyCount "86"]
[EventDate "2006.??.??"]

1. e4 e5 2. Nf3 Nc6 3. Bb5 a6 4. Ba4 Nf6 5. O-O Be7 6. Bxc6 dxc6 7. Qe1 Nd7 8.
d4 exd4 9. Nxd4 Nf6 10. Nf3 O-O 11. e5 Nd5 12. Qe2 Bg4 13. h3 Bxf3 14. Qxf3 Nb4
15. Qe2 Qd7 16. a3 Nd5 17. c4 Nb6 18. Rd1 Qe6 19. b3 Rfd8 20. Nd2 Qg6 21. a4 a5
22. Ba3 Bxa3 23. Rxa3 Qd3 24. Qxd3 Rxd3 25. Ra2 Rad8 26. Kf1 Nd7 27. Re1 Nc5
28. Re2 Nxb3 29. Nxb3 Rxb3 30. Rad2 Re8 31. Re4 Rb4 32. Rd7 Rxa4 33. Rxc7 Rb4
34. Re1 a4 35. c5 g5 36. g3 a3 37. Re2 Ra8 38. e6 fxe6 39. Ra2 Rb2 40. Rxb2
axb2 41. Rxb7 Ra1+ 42. Ke2 b1=Q 43. Rxb1 Rxb1 0-1

[Event "2. Online Aktivschach WM"]
[Site "Gruppe B / Chessgate"]
[Date "2006.02.07"]
[Round "5.3"]
[White "Turboking II, Saitek"]
[Black "Mach III 18 Mhz, Fidelity"]
[Result "0-1"]
[WhiteElo "1900"]
[BlackElo "2021"]
[PlyCount "108"]
[EventDate "2006.??.??"]

1. e4 c5 2. Nf3 d6 3. d4 cxd4 4. Nxd4 Nf6 5. Nc3 a6 6. f4 e5 7. Nf3 Qc7 8. Be2
Be7 9. fxe5 dxe5 10. Nd5 Nxd5 11. exd5 Bf5 12. c3 O-O 13. Be3 Rd8 14. Qb3 Nd7
15. O-O Nc5 16. Qd1 g6 17. c4 Qd6 18. Kh1 Rac8 19. Bh6 b5 20. Rc1 bxc4 21. Bxc4
Rb8 22. Qe2 Bf6 23. Ng5 e4 24. b3 Re8 25. Nxf7 Kxf7 26. Bf4 Be5 27. Bxe5 Qxe5
28. g4 Rf8 29. gxf5 gxf5 30. Qe3 Rbc8 31. Qg5 Ke8 32. Bxa6 Rc7 33. Bb5+ Nd7 34.
Qh5+ Kd8 35. Rxc7 Kxc7 36. Rc1+ Kd8 37. Bxd7 Qf4 38. Rd1 Kxd7 39. Qxh7+ Kc8 40.
Qh3 e3 41. Qg2 Qd6 42. Rc1+ Kb8 43. Qf3 Qe5 44. Re1 f4 45. a4 Qc3 46. Qf1 Ka7
47. Rc1 Qxb3 48. Rc7+ Kb8 49. Rc4 e2 50. Qxe2 Qb1+ 51. Kg2 f3+ 52. Qxf3 Qa2+
53. Kg3 Rxf3+ 54. Kxf3 Qxc4 0-1

[Event "2. Online Aktivschach WM"]
[Site "Gruppe B / Chessgate"]
[Date "2006.02.09"]
[Round "5.4"]
[White "Star Sapphire, Novag"]
[Black "Atlanta, Mephisto"]
[Result "0-1"]
[WhiteElo "2154"]
[BlackElo "2232"]
[PlyCount "106"]
[EventDate "2006.??.??"]

1. e4 c5 2. Nf3 d6 3. d4 cxd4 4. Nxd4 Nf6 5. Nc3 g6 6. Be3 Bg7 7. f3 Nc6 8. Qd2
O-O 9. O-O-O d5 10. exd5 Nxd5 11. Nxc6 bxc6 12. Bd4 e5 13. Bc5 Be6 14. Bxf8
Qxf8 15. Nxd5 cxd5 16. Qa5 Rb8 17. Ba6 Rb6 18. Rhe1 Qd8 19. Qa3 Qg5+ 20. Kb1
Qxg2 21. Bf1 Qxh2 22. Qxa7 Qf2 23. Qa8+ Bf8 24. Rxe5 Qxf3 25. Ree1 Qc3 26. b3
Rc6 27. Bd3 Rc8 28. Qa4 Bg7 29. Kc1 Qb2+ 30. Kd2 Bc3+ 31. Ke2 Bxe1 32. Rxe1 h5
33. Kf1 g5 34. a3 h4 35. Qa7 Qf6+ 36. Qf2 Kg7 37. Qxf6+ Kxf6 38. a4 g4 39. a5
h3 40. Kf2 Kg5 41. Kg3 Rh8 42. a6 Bd7 43. Kh2 f5 44. c4 dxc4 45. Bxc4 Bc6 46.
Re3 f4 47. Re5+ Kh4 48. Kg1 Kg3 49. Bd5 h2+ 50. Kf1 Bxd5 51. Rh5 Re8 52. Re5
Rxe5 53. b4 h1=Q# 0-1

[Event "2. Online Aktivschach WM"]
[Site "Gruppe B / Chessgate"]
[Date "2006.02.11"]
[Round "6.1"]
[White "Atlanta, Mephisto"]
[Black "Turboking II, Saitek"]
[Result "1-0"]
[WhiteElo "2232"]
[BlackElo "1900"]
[PlyCount "69"]
[EventDate "2006.??.??"]

1. d4 Nf6 2. c4 e6 3. Nc3 Bb4 4. Bg5 h6 5. Bh4 c5 6. d5 d6 7. e3 g5 8. Bg3 Ne4
9. Nge2 exd5 10. cxd5 Bg4 11. f3 Nxg3 12. Nxg3 Bd7 13. Bd3 Bxc3+ 14. bxc3 O-O
15. O-O b5 16. e4 c4 17. Bc2 Qb6+ 18. Qd4 Qxd4+ 19. cxd4 Na6 20. Rab1 Nc7 21.
f4 a5 22. fxg5 hxg5 23. Nf5 Bxf5 24. Rxf5 g4 25. Rg5+ Kh8 26. Rf1 Rg8 27. Rgf5
c3 28. Rxf7 Rac8 29. e5 Rg7 30. Rf8+ Rg8 31. R8f6 Rgd8 32. R1f4 g3 33. Rh4+ Kg7
34. Rg4+ Kh8 35. Rh6# 1-0

[Event "2. Online Aktivschach WM"]
[Site "Gruppe B / Chessgate"]
[Date "2006.02.13"]
[Round "6.3"]
[White "GK 2100, Kasparov"]
[Black "Star Sapphire, Novag"]
[Result "1-0"]
[WhiteElo "1997"]
[BlackElo "2154"]
[PlyCount "73"]
[EventDate "2006.??.??"]
[SourceDate "2006.02.13"]

1. c4 e5 2. g3 Nf6 3. Bg2 c6 4. Nc3 d5 5. cxd5 cxd5 6. Qb3 Nc6 7. Nxd5 Nd4 8.
Nxf6+ gxf6 9. Qd1 Qc7 10. Rb1 Qc4 11. b3 Qa6 12. Bb2 Nf5 13. Ra1 Bc5 14. Nf3
Qa5 15. O-O O-O 16. a3 Bb6 17. Rc1 Rd8 18. b4 Qb5 19. Bc3 Be6 20. a4 Qd7 21. a5
Bc7 22. e3 Rac8 23. d4 Bc4 24. Re1 Qb5 25. Nd2 Bd3 26. Ne4 exd4 27. exd4 b6 28.
Qg4+ Kf8 29. Nxf6 Nh6 30. Qh4 Nf5 31. Qxh7 Be2 32. Bf3 Nxg3 33. fxg3 Bf4 34.
gxf4 Qd3 35. Qh6+ Ke7 36. Rxe2+ Qxe2 37. Bxe2 1-0

[Event "2. Online Aktivschach WM"]
[Site "Gruppe C / Chessgate"]
[Date "2006.02.17"]
[Round "6.4"]
[White "Mach III 18 Mhz, Fidelity"]
[Black "Elite V11, Fidelity"]
[Result "0-1"]
[WhiteElo "2021"]
[BlackElo "2296"]
[PlyCount "132"]
[EventDate "2006.??.??"]

1. Nc3 d5 2. e4 d4 3. Nce2 e5 4. Ng3 Be6 5. Nf3 f6 6. Bb5+ c6 7. Ba4 Nd7 8. Bb3
Nc5 9. Bxe6 Nxe6 10. O-O d3 11. Ne1 Nf4 12. Qf3 dxc2 13. Qb3 Rb8 14. Qc4 Rc8
15. b3 Nh6 16. Nxc2 Qd3 17. Qxd3 Nxd3 18. Ba3 Rd8 19. Bxf8 Rxf8 20. f3 Rf7 21.
Ne3 Nf4 22. Rfd1 Rfd7 23. Nef1 Nd3 24. Rab1 Kf7 25. Ne3 Kg8 26. Nh5 Rd4 27. Rf1
Nb4 28. a3 Na6 29. Nc4 c5 30. Na5 R8d7 31. g4 Kf7 32. Rf2 b6 33. Nc4 b5 34. Ne3
g6 35. Ng3 Rxd2 36. Nd5 Rd3 37. Kg2 Kg7 38. Rfb2 Nf7 39. a4 bxa4 40. bxa4 Nc7
41. Nxc7 Rxc7 42. Rb7 Rcd7 43. Ne2 c4 44. Kf2 h6 45. h4 a6 46. Rb8 Ra3 47. R1b4
Rdd3 48. Rxc4 Rxf3+ 49. Ke1 Ra1+ 50. Kd2 Rh3 51. h5 gxh5 52. gxh5 Ra2+ 53. Rc2
Rxa4 54. Rb7 Rxh5 55. Rcc7 Ra2+ 56. Ke3 Rh3+ 57. Kf2 Rh2+ 58. Kg3 Rhxe2 59.
Rxf7+ Kg6 60. Rg7+ Kh5 61. Kf3 Rh2 62. Rb3 a5 63. Rg8 Rh4 64. Re3 Ra4 65. Rg7
Rf4+ 66. Kg3 Rfxe4 0-1

[Event "2. Online Aktivschach WM"]
[Site "Gruppe B / Chessgate"]
[Date "2006.02.20"]
[Round "7.1"]
[White "Turboking II, Saitek"]
[Black "GK 2100, Kasparov"]
[Result "0-1"]
[WhiteElo "1900"]
[BlackElo "1997"]
[PlyCount "88"]
[EventDate "2006.??.??"]

1. e4 e5 2. Nf3 Nf6 3. Nxe5 d6 4. Nxf7 Kxf7 5. d4 Be6 6. Bd3 g6 7. e5 dxe5 8.
dxe5 Ng4 9. Qf3+ Kg7 10. Bf4 Nc6 11. O-O Ngxe5 12. Bxe5+ Nxe5 13. Qxb7 Bd5 14.
Qb5 c5 15. Nc3 a6 16. Qa4 Bc6 17. Qf4 Nxd3 18. cxd3 Bd6 19. Qd2 Re8 20. Rfe1
Qc7 21. h3 Rab8 22. Ne4 Be5 23. Nxc5 Qd6 24. d4 Qd5 25. Re4 Bd6 26. Qc3 Rxe4
27. Nxe4 Bb4 28. Qg3 Qxe4 29. Qe5+ Qxe5 30. dxe5 Re8 31. Rc1 Bb5 32. Rc7+ Kg8
33. f4 g5 34. fxg5 Rxe5 35. Rc8+ Kf7 36. Rh8 Re1+ 37. Kf2 Kg7 38. Ra8 Re2+ 39.
Kg3 Bd6+ 40. Kh4 Rxg2 41. a4 Be2 42. Ra7+ Kg6 43. Rg7+ Kxg7 44. b4 Bg3# 0-1

[Event "2. Online Aktivschach WM"]
[Site "Gruppe B / Chessgate"]
[Date "2006.02.20"]
[Round "7.2"]
[White "London 68030, Mephisto"]
[Black "Mach III 18 Mhz, Fidelity"]
[Result "1/2-1/2"]
[WhiteElo "2355"]
[BlackElo "2021"]
[PlyCount "138"]
[EventDate "2006.??.??"]

1. d4 Nf6 2. c4 c5 3. d5 e6 4. Nc3 exd5 5. cxd5 d6 6. e4 g6 7. Nf3 Bg7 8. Be2
O-O 9. O-O a6 10. a4 Bg4 11. Bf4 Bxf3 12. Bxf3 Ne8 13. Qd2 Nd7 14. Bg5 Nef6 15.
Be2 Re8 16. f3 Qa5 17. Rf2 b5 18. Qf4 b4 19. Nd1 Qc7 20. Rc1 Qb6 21. b3 Nh5 22.
Qd2 Re5 23. Rc2 Bf6 24. Bxf6 Ndxf6 25. Nb2 Re7 26. Nc4 Qd8 27. Qg5 Rea7 28. a5
Rb8 29. Nb6 Qe7 30. Qc1 Re8 31. Qf1 Qb7 32. Qa1 Qe7 33. Qc1 Nd7 34. Nxd7 Qxd7
35. Qf1 Rea8 36. Qa1 Re8 37. Qf1 Rea8 38. Ra2 Qe7 39. Qc1 Qe5 40. Rc2 Qd4 41.
Rc4 Qg7 42. Bf1 Re8 43. g4 Nf6 44. Qf4 Rd7 45. Rc1 Ra8 46. Kg2 Raa7 47. Re2 Rd8
48. Qg3 Qf8 49. Rec2 Re8 50. Bd3 Nd7 51. g5 f5 52. Re1 Ne5 53. Be2 fxe4 54.
fxe4 Qe7 55. h4 Raa8 56. Rf1 Rf8 57. Rcc1 Qc7 58. Qh3 Qxa5 59. Qe6+ Nf7 60. Rf6
Qa2 61. Rxg6+ hxg6 62. Qxg6+ Kh8 63. Qf6+ Kh7 64. Qf5+ Kg7 65. Qf6+ Kh7 66.
Qf5+ Kg8 67. Qg6+ Kh8 68. Qf6+ Kg8 69. Qg6+ Kh8 1/2-1/2

[Event "2. Online Aktivschach WM"]
[Site "Gruppe B / Chessgate"]
[Date "2006.02.20"]
[Round "7.4"]
[White "Elite V11, Fidelity"]
[Black "Atlanta, Mephisto"]
[Result "1-0"]
[WhiteElo "2296"]
[BlackElo "2232"]
[PlyCount "125"]
[EventDate "2006.??.??"]

1. e4 c5 2. Nf3 Nc6 3. d4 cxd4 4. Nxd4 Nf6 5. Nc3 e5 6. Ndb5 d6 7. Bg5 a6 8.
Bxf6 gxf6 9. Na3 Be6 10. Bc4 d5 11. exd5 Bxa3 12. bxa3 Qa5 13. O-O O-O-O 14.
Qd3 Ne7 15. Rfd1 Bg4 16. f3 Bf5 17. Ne4 Ng6 18. Qb3 Bxe4 19. fxe4 Rhg8 20. Rab1
Rd7 21. Kh1 h5 22. d6 Nf4 23. Bxf7 Rxg2 24. Be8 Qd8 25. Bxd7+ Qxd7 26. Rg1
Rxg1+ 27. Rxg1 Kb8 28. Qb4 Ka7 29. a4 Ne6 30. a5 Ng5 31. Qc5+ Kb8 32. Qd5 h4
33. c4 Qh3 34. Qd1 Kc8 35. Rg4 Kd7 36. c5 Qe3 37. Qf1 Kc6 38. d7 Kxd7 39. Qd1+
Kc6 40. Qd5+ Kc7 41. Qd6+ Kc8 42. Qd1 Kc7 43. Rxh4 Qxc5 44. Qe1 f5 45. Rh5 Nxe4
46. Rxf5 Qd5 47. Kg1 Kd7 48. Qe3 Qg8+ 49. Kh1 Qd5 50. Qf3 Qc6 51. Rf7+ Kd6 52.
h4 Nc5 53. h5 Ne4 54. Qd3+ Kc5 55. Kh2 b6 56. Rf5 Qd5 57. Qc2+ Kb5 58. Qb2+ Kc6
59. Rxe5 Qd2+ 60. Qxd2 Nxd2 61. Rf5 Kd6 62. axb6 Ke6 63. Rf8 1-0